Statistics for Gisele Bündchen Filmography

Click here to take the quiz!

General Stats

  • This quiz has been taken 3 times
    (2 since last reset)
  • The average score is 2 of 31

Answer Stats

TypeYearName% Correct
Film2006The Devil Wears Prada
100%
TV Show2010-2011Gisele & the Green Team
50%
TV Special2001, 2002The Victoria's Secret Fashion Show
50%
Commercial2004C&A
0%
TV Show2019Carpool Karaoke
0%
TV Show2003Casseta & Planeta Urgente
0%
Commercial2014Chanel
0%
Documentary2008Coração
0%
Commercial2003, 2004Credicard
0%
Commercial2014-2017Falabella
0%
Commercial2021FTX
0%
TV Show2006Germany's Next Topmodel
0%
Commercial2014H&M
0%
Documentary2020Kiss the Ground
0%
Documentary2013Mademoiselle C.
0%
Documentary Series2021Man in the Arena
0%
TV Show1996MTV al Dente
0%
Commercial2004-2006Nivea
0%
Commercial2014Pantene
0%
TV Show2002Reel Comedy
0%
TV Show2017Rock in Rio
0%
TV Special2017Rock in Rio
0%
Film2004Taxi
0%
TV Show2006The O.C.
0%
Documentary Series2018Tom vs Time
0%
Commercial2014Under Armour
0%
Award Show2000VH1/Vogue Fashion Awards
0%
TV Special2003Victoria's Secret Swim Special
0%
Commercial2005Vivo
0%
Commercial2008Volkswagen Gol
0%
TV Special2006'Y Ikatu Xingu
0%

Score Distribution

Percentile by Number Answered

Percent of People with Each Score

Your Score History

You have not taken this quiz since the last reset